নবম জাতীয় সংসদ : (Record no. 259667)
[ view plain ]
| 000 -LEADER | |
|---|---|
| fixed length control field | 01255nam a22002177a 4500 |
| 003 - CONTROL NUMBER IDENTIFIER | |
| control field | BD-DhUL |
| 005 - DATE AND TIME OF LATEST TRANSACTION | |
| control field | 20241020130308.0 |
| 008 - FIXED-LENGTH DATA ELEMENTS--GENERAL INFORMATION | |
| fixed length control field | 241017s2019 bg a|||| |||| 00| 0 ben |
| 020 ## - INTERNATIONAL STANDARD BOOK NUMBER | |
| International Standard Book Number | 9789849120810 (hbk) |
| 040 ## - CATALOGING SOURCE | |
| Original cataloging agency | BD-DhUL |
| Transcribing agency | BD-DhUL |
| 082 ## - DEWEY DECIMAL CLASSIFICATION NUMBER | |
| Edition number | 23 |
| Classification number | 328.95492 |
| Item number | HAN |
| 100 10 - MAIN ENTRY--PERSONAL NAME | |
| Personal name | হাসিনা, শেখ |
| 245 ## - TITLE STATEMENT | |
| Title | নবম জাতীয় সংসদ : |
| Remainder of title | প্রধানমন্ত্রীর প্রশ্নোত্তর (২০০৯-২০১৩) : অষ্টম খণ্ড / |
| Statement of responsibility, etc. | শেখ হাসিনা । |
| 260 ## - PUBLICATION, DISTRIBUTION, ETC. (IMPRINT) | |
| Place of publication, distribution, etc. | ঢাকা : |
| Name of publisher, distributor, etc. | গৌরব, |
| Date of publication, distribution, etc. | ২০১৯ । |
| 300 ## - PHYSICAL DESCRIPTION | |
| Extent | খ. : |
| Other physical details | সম্মুখ চিত্র, চিত্র ; |
| Dimensions | ২৪ সেমি |
| 365 ## - TRADE PRICE | |
| Price type code | BDT |
| Price amount | 700 |
| 500 ## - GENERAL NOTE | |
| General note | "মহিলা ও শিশু বিষয়ক মন্ত্রণালয়, মুক্তিযুদ্ধ বিষয়ক মন্ত্রণালয়, যুব ও ক্রীড়া মন্ত্রণালয়, শিল্প মন্ত্রণালয়, শ্রম ও কর্মসংস্থান মন্ত্রণালয়" |
| 650 #4 - SUBJECT ADDED ENTRY--TOPICAL TERM | |
| Topical term or geographic name as entry element | সংসদ |
| Geographic subdivision | বাংলাদেশ |
| 650 #4 - SUBJECT ADDED ENTRY--TOPICAL TERM | |
| Topical term or geographic name as entry element | Parlament |
| Geographic subdivision | Bangladesh. |
| 942 ## - ADDED ENTRY ELEMENTS (KOHA) | |
| Source of classification or shelving scheme | |
| Koha item type | Books |
| Price effective from | Date last seen | Permanent Location | Not for loan | Date acquired | Source of classification or shelving scheme | Koha item type | Lost status | Withdrawn status | Collection code | Damaged status | Shelving location | Barcode | Current Location | Public note | Full call number |
|---|---|---|---|---|---|---|---|---|---|---|---|---|---|---|---|
| 2024-10-20 | 2024-10-20 | Dhaka University Library | 2024-03-12 | Books | Non Fiction | General Stacks | 531901 | Dhaka University Library | General | 328.95492 HAN |
